ბათუმის შოთა რუსთაველის სახელმწიფო უნივერსიტეტის ბიბლიოთეკა

Germany, Russia, and the Rise of Geo-Economics / (ბიბ.ჩანაწერი № 53706)

000 -ლიდერი
ფიქსირებული სიგრძის საკონტროლო ველი 00898nam a2200265Ia 4500
001 - საკონტროლო ნომერი
საკონტროლო ველი 20754
003 - საკონტროლო ნომრის იდენტიფიკატორი
საკონტროლო ველი GE_BSU
005 - ბოლო ოპერაციის თარიღი და დრო
საკონტროლო ველი 20221108165949.0
008 - ფიქსირებული სიგრძის მონაცემთა ელემენტები - ზოგადი ინფორმაცია
ფიქსირებული სიგრძის საკონტროლო ველი 181216s2016||||ge |||||||||||||| ||geo||
020 ## - წიგნის საერთაშორისო სტანდარტული ნომერი
International Standard Book Number 9781472596314x
040 ## - კატალოგიზაციის წყარო
Transcribing agency GE_BSU
041 ## - ენის კოდი
Language code of text/sound track or separate title geo
080 ## - უნივერსალური ათობითი კლასიფიკაციის ინდექსი
Universal Decimal Classification number 327.2 S-99
100 ## - მთავარი ჩანაწერი - პიროვნების სახელი
Personal name Szabo, Stephen F.
9 (RLIN) 10787
245 ## - ცნობა სათაურის შესახებ
Title Germany, Russia, and the Rise of Geo-Economics /
Statement of responsibility, etc Stephen F. Szabo.
264 ## - წარმოების, გამოცემის, დისტრიბუციის და სხვა ცნობები
გამოცემის, წარმოების, დისტრიბუციის... ადგილი London :
გამოცემის, წარმოების, დისტრიბუციის... სახელწოდება Bloomsbury Publishing,
გამოცემის, წარმოების, დისტრიბუციის... თარიღი 2016.
300 ## - ფიზიკური აღწერა
Extent 187 p. ;
Accompanying material 24 cm.
501 ## - შენიშვნა თანმხლებ მასალაზე
With note Index. : p.181-187
504 ## - BIBLIOGRAPHY, ETC. NOTE
Bibliography, etc Bibl. : p.147-180
653 ## - INDEX TERM--UNCONTROLLED
Uncontrolled term Germany, Russia, and the Rise of Geo-Economics
653 ## - INDEX TERM--UNCONTROLLED
Uncontrolled term Германия, Россия, и рост геоэкономики
653 ## - INDEX TERM--UNCONTROLLED
Uncontrolled term გერმანია, რუსეთი და გეოეკონომიკის განვითარება
942 ## - ADDED ENTRY ELEMENTS (KOHA)
Koha item type წიგნი
Source of classification or shelving scheme
ეგზემპლარები
ჩამოწერის სტატუსი დაკარგული ეგზემპლარის სტატუსი კლასიფიკაციის წყარო ან თაროზე გაწყობის სქემა დაზიანების სტატუსი არ გაიცემა მუდმივი მდებარეობა (დაცვის ადგილი) ამჟამინდელი ადგილსამყოფელი თაროზე განთავსების ადგილი შეძენის თარიღი ღირებულება, შესყიდვის ნორმალური ფასი სრული შენახვის შიფრი შტრიხკოდი ბოლო ოპერაციის თარიღი ეგზემპლარის მიმდევრობითი ნომერი (კეტერი?) ფასის ძალაში შესვლის თარიღი ეგზემპლარის სახეობა საჯარო შენიშვნა
          ბათუმის შოთა რუსთაველის სახელმწიფო უნივერსიტეტის მთავარი ბიბლიოთეკა ბათუმის შოთა რუსთაველის სახელმწიფო უნივერსიტეტის მთავარი ბიბლიოთეკა წიგნსაცავი 2018-12-17 80.00 327.2 S-99 54072 2018-12-17 54072 2018-12-17 წიგნი 80.00 GEL.
          ბათუმის შოთა რუსთაველის სახელმწიფო უნივერსიტეტის მთავარი ბიბლიოთეკა ბათუმის შოთა რუსთაველის სახელმწიფო უნივერსიტეტის მთავარი ბიბლიოთეკა წიგნსაცავი 2018-12-17 80.00 327.2 S-99 54073 2018-12-17 54073 2018-12-17 წიგნი 80.00 GEL.